Human Resource Management: A Strategic approach to employment

Guardat en:
Dades bibliogràfiques
Autor principal: Hendry
Format: Llibre
Publicat: Butterworth
Etiquetes: Afegir etiqueta
Sense etiquetes, Sigues el primer a etiquetar aquest registre!

MARC

LEADER 00000nam a2200000Ia 4500
005 20260513122052.0
020 |a 9780750609944 
100 |a Hendry 
365 |c £ 
365 |b 28.00 
942 |c BK 
245 |a Human Resource Management: A Strategic approach to employment 
260 |b Butterworth 
999 |c 68  |d 68 
952 |0 0  |1 0  |4 0  |7 0  |a UNSW  |b UNSW  |d 2026-05-06  |g 65.99  |i 16682  |l 0  |p 000139  |r 2026-05-13 12:20:52  |v 65.99  |w 2026-05-13  |y BK